| 000 | 01221cam a22003497a 4500 | ||
|---|---|---|---|
| 003 | CHAP | ||
| 005 | 20220329142326.0 | ||
| 008 | 000629d2000 mx a r 00110 spa d | ||
| 010 | _a81745 | ||
| 011 | _a82717 | ||
| 035 | _a93219 | ||
| 040 | _cCHAP | ||
| 090 | _aTesis | ||
| 100 | 0 | 0 |
_aBuso Ferrales, Gregorio. _916351 |
| 245 | 1 | 0 |
_aTecnología de invernaderos para la producción de jitomate (Lycopersicum esculentum, Mill.) _c/por Gregorio Buso Ferrales |
| 260 |
_aChapingo, Méx. : _bEl autor, _c2000. |
||
| 300 |
_a120 h. : _bilus. ; cuadros |
||
| 502 | _aTesis (Ing. Agr. Esp. en Suelos) -- UACH. Departamento de Suelos | ||
| 590 |
_aALEPH _b10 _c20130110 _lUCH01 _h1436 |
||
| 590 |
_aBATCH-UPD _b10 _c20130110 _lUCH01 _h0747 |
||
| 590 |
_aBATCH-UPD _b10 _c20130410 _lUCH01 _h0428 |
||
| 590 |
_aBATCH-UPD _b10 _c20130914 _lUCH01 _h0758 |
||
| 590 |
_aCONVERSION _b10 _c20130109 _lUCH01 _h1345 |
||
| 650 | 1 | 4 |
_aCultivos en invernadero. _930376 |
| 650 | 1 | 4 |
_aTomate _xPropagación. _9113758 |
| 650 | 1 | 4 |
_aTomate _xRendimiento. _9113761 |
| 901 | _aBK | ||
| 905 | _aGuadalupe Pinto C. | ||
| 942 | _cFOLL | ||
| 949 |
_bBC _cTES _d33724000903316 _eTS2 _fc.2 _h36540 _i93219 _si |
||
| 949 |
_bBC _cTES _d932191 _eTS1 _h36460 _i93219 _sb |
||
| 999 |
_c81745 _d81745 |
||